000 00370nam a2200121Ia 4500
008 220615s9999||||xx |||||||||||||| ||und||
245 0 _aDigital Storytelling for Employability
546 _aEnglish[eng]
650 _aPedagogia
700 _aMalita, Laura||Boffo, Vanna
856 _uhttps://library.oapen.org/bitstream/20.500.12657/54931/1/9788864531816.pdf
942 _cEB
999 _c9040
_d9040